Cơ sở hóa sinh : Dùng cho sinh viên ngành Khoa học Tự nhiên

Gespeichert in:
Bibliographische Detailangaben
1. Verfasser:  Trịnh, Lê Hùng
Format: Sách
Sprache:Undetermined
Veröffentlicht:  Giáo dục Việt Nam  2009
Schlagworte:
Tags: Tag hinzufügen
Keine Tags, Fügen Sie den ersten Tag hinzu!
Thư viện lưu trữ: Trung tâm Thư viện - Trường Đại học Công nghiệp TP. Hồ Chí Minh
LEADER 00540nam a2200157Ia 4500
001 UIH_03446
008 231011s9999 xx 000 0 und d
082 |a  572 
100 |a  Trịnh, Lê Hùng 
245 0 |a  Cơ sở hóa sinh : Dùng cho sinh viên ngành Khoa học Tự nhiên 
245 0 |c  Trịnh, Lê Hùng 
260 |b  Giáo dục Việt Nam 
260 |c  2009 
650 |a  Hóa sinh học;  
927 |a Sách 
980 |a Trung tâm Thư viện - Trường Đại học Công nghiệp TP. Hồ Chí Minh